000 00915cam a2200253 a 4500
001 4738546
003 ARRUPE
005 20220421091347.0
008 840327s1983 gw b 000 0 ger
010 _a 84140542
040 _aDLC
_cDLC
_dDLC
_dOCoLC
_dDLC
050 0 0 _aB3279
_b.H45 1976
082 0 0 _a193 s
_a110
_219
100 1 _aHeidegger, Martin,
_d1889-1976.
245 1 4 _aDie Grundbegriffe der Metaphysik :
_bWelt, Endlichkeit, Einsamkeit /
_cMartin Heidegger.
260 _aFrankfurt am Main :
_bV. Klostermann,
_cc1983.
300 _axix, 542 p. ;
_c21 cm.
490 1 _aGesamtausgabe. II. Abteilung, Vorlesungen 1923-1944 / Martin Heidegger ;
_vBd. 29/30
504 _aIncludes bibliographical references.
650 0 _aMetaphysics.
800 1 _aHeidegger, Martin,
_d1889-1976.
_tWorks.
_f1975 ;
_vBd. 29/30.
_951364
906 _a7
_bcbc
_corignew
_d2
_encip
_f19
_gy-gencatlg
942 _2lcc
_cMONOGRAPH
999 _c131318
_d131318